[Event "Elets-B 75th"]
[Site "Elets"]
[Date "2014.12.07"]
[Round "9"]
[White "Logvinov, Kirill"]
[Black "Sargissyan, Sargis"]
[Result "0-1"]
[WhiteElo "2108"]
[BlackElo "2293"]
[PlyCount "52"]
[EventDate "2014.11.29"]
[EventType "tourn"]
[EventRounds "9"]
[EventCountry "RUS"]
[EventCategory "2"]
[SourceTitle "EXT 2016"]
[Source "ChessBase"]
[SourceDate "2015.10.08"]
[SourceVersion "1"]
[SourceVersionDate "2015.10.08"]
[SourceQuality "1"]

1. e4 g6 2. b4 Bg7 3. Nc3 d6 4. Bb2 Nc6 5. a3 Nh6 6. Bc4 f5 7. Qb1 e6 8. Nge2 0-0 9. Qa2 Qe7 10. Nf4 Nd4 11. 0-0-0 fxe4 12. g3 Kh8 13. Qa1 e5 14. Nfd5 Qd8 15. Ne3 c6 16. Bf1 d5 17. Ne2 Nxe2+ 18. Bxe2 d4 19. Nc4 Rxf2 20. Rde1 Be6 21. Na5 Qd7 22. Rhf1 Raf8 23. h4 b6 24. Nc4 Rxf1 25. Rxf1 Rxf1+ 26. Bxf1 Qf7 0-1

[Event "Elets-B 75th"]
[Site "Elets"]
[Date "2014.12.06"]
[Round "8"]
[White "Kostin, Alexey"]
[Black "Logvinov, Kirill"]
[Result "0-1"]
[WhiteElo "2297"]
[BlackElo "2108"]
[PlyCount "50"]
[EventDate "2014.11.29"]
[EventType "tourn"]
[EventRounds "9"]
[EventCountry "RUS"]
[EventCategory "2"]
[SourceTitle "EXT 2016"]
[Source "ChessBase"]
[SourceDate "2015.10.08"]
[SourceVersion "1"]
[SourceVersionDate "2015.10.08"]
[SourceQuality "1"]

1. e4 c5 2. Nf3 Nc6 3. d4 cxd4 4. Nxd4 e5 5. Nb5 d6 6. Be2 Nf6 7. Bg5 Be6 8. 0-0 a6 9. N5c3 Be7 10. Bxf6 Bxf6 11. Bg4 Nd4 12. Bxe6 fxe6 13. Ne2 Qb6 14. c3 Qxb2 15. cxd4 exd4 16. Nd2 d3 17. Nf4 Qxa1 18. Qh5+ g6 19. Nxg6 Qxf1+ 20. Nxf1 hxg6 21. Qxg6+ Ke7 22. Qg3 d2 23. Nxd2 Rac8 24. f4 Rc1+ 25. Kf2 Bh4 0-1

[Event "Anna Gagarin Memorial"]
[Site "Anna"]
[Date "2014.05.03"]
[Round "7"]
[White "Geranichev, Mikhail"]
[Black "Logvinov, Kirill"]
[Result "0-1"]
[WhiteElo "2129"]
[BlackElo "2105"]
[PlyCount "84"]
[EventDate "2014.04.30"]
[EventType "swiss"]
[EventRounds "9"]
[EventCountry "RUS"]
[SourceTitle "CBM 160 Extra"]
[Source "ChessBase"]
[SourceDate "2014.07.01"]
[SourceVersion "1"]
[SourceVersionDate "2014.07.01"]
[SourceQuality "1"]

1. g3 b5 2. Bg2 Nc6 3. Nf3 Nf6 4. 0-0 Rb8 5. d4 e6 6. Re1 d5 7. Nbd2 Be7 8. e4 dxe4 9. Nxe4 Nxe4 10. Rxe4 Bf6 11. c3 0-0 12. Bf4 Bb7 13. Re2 Ne7 14. Qc2 Ng6 15. Bd2 Bd5 16. h4 h6 17. h5 Ne7 18. g4 Nc6 19. Bf4 b4 20. Qd2 bxc3 21. bxc3 Na5 22. Ne5 Bxg2 23. Kxg2 Qd5+ 24. Kh2 Qd8 25. Kh3 Bxe5 26. Bxe5 Nc4 27. Qf4 Rb7 28. Rg1 f6 29. Qe4 Rb2 30. Rxb2 Nxb2 31. Bf4 Qd7 32. Re1 e5 33. dxe5 fxe5 34. Bg3 Nd3 35. Qc4+ Kh8 36. Rb1 Nf4+ 37. Bxf4 exf4 38. Qd4 Qc6 39. Re1 Qf3+ 40. Kh2 Qxg4 41. Qc5 Rf5 42. Re5 Qxh5+ 0-1

[Event "Anna Gagarin Memorial"]
[Site "Anna"]
[Date "2014.05.03"]
[Round "8"]
[White "Logvinov, Kirill"]
[Black "Kostenkov, Nikita"]
[Result "1/2-1/2"]
[WhiteElo "2105"]
[BlackElo "1812"]
[PlyCount "61"]
[EventDate "2014.04.30"]
[EventType "swiss"]
[EventRounds "9"]
[EventCountry "RUS"]
[SourceTitle "CBM 160 Extra"]
[Source "ChessBase"]
[SourceDate "2014.07.01"]
[SourceVersion "1"]
[SourceVersionDate "2014.07.01"]
[SourceQuality "1"]

1. b4 c6 2. e3 d5 3. a3 Nf6 4. Bb2 Bf5 5. Nf3 e6 6. c4 Nbd7 7. Nc3 Be7 8. Be2 0-0 9. Nh4 dxc4 10. Nxf5 exf5 11. Bxc4 Ne4 12. Nxe4 fxe4 13. 0-0 Bf6 14. Qc2 Bxb2 15. Qxb2 Qg5 16. Qc2 Rfe8 17. f3 exf3 18. Rxf3 Ne5 19. Rf5 Qg4 20. Rf4 Qh5 21. Raf1 Nxc4 22. Qxc4 Re7 23. Rf5 Qg6 24. b5 cxb5 25. Qxb5 Rd8 26. Rd5 Rxd5 27. Qxd5 Qe6 28. Qxe6 Rxe6 29. Rb1 Re7 30. Rc1 f5 31. Kf2 1/2-1/2

[Event "RUS-ch U26"]
[Site "Saratov"]
[Date "2013.09.26"]
[Round "3"]
[White "Toropov, Pavel"]
[Black "Logvinov, Kirill"]
[Result "1-0"]
[WhiteElo "2295"]
[BlackElo "2019"]
[PlyCount "68"]
[EventDate "2013.09.24"]
[EventType "swiss"]
[EventRounds "9"]
[EventCountry "RUS"]
[SourceTitle "EXT 2015"]
[Source "ChessBase"]
[SourceDate "2014.11.20"]
[SourceVersion "1"]
[SourceVersionDate "2014.11.20"]
[SourceQuality "1"]

1. e4 a6 2. d4 b5 3. Nf3 Bb7 4. Bd3 Nf6 5. Qe2 e6 6. 0-0 c5 7. c3 Nc6 8. d5 Ne7 9. dxe6 dxe6 10. Rd1 Qc7 11. a4 c4 12. Bc2 Ng6 13. Na3 Bxa3 14. Rxa3 e5 15. Bg5 Nd7 16. Qd2 h6 17. Be3 0-0-0 18. Qe2 Nc5 19. Nd2 Nf4 20. Qg4+ Kb8 21. axb5 axb5 22. b3 h5 23. Qf3 f5 24. Rda1 cxb3 25. Bxb3 fxe4 26. Qd1 Nfd3 27. Ra5 Qc6 28. Bc2 Kc7 29. Qb1 Ra8 30. c4 Rxa5 31. Rxa5 b4 32. Bxc5 Nxc5 33. Qxb4 Nd7 34. Bxe4 Qb6 1-0

[Event "RUS-ch U26"]
[Site "Saratov"]
[Date "2013.09.24"]
[Round "1"]
[White "Ponkratov, Pavel"]
[Black "Logvinov, Kirill"]
[Result "1-0"]
[WhiteElo "2618"]
[BlackElo "2019"]
[PlyCount "43"]
[EventDate "2013.09.24"]
[EventType "swiss"]
[EventRounds "9"]
[EventCountry "RUS"]
[SourceTitle "EXT 2015"]
[Source "ChessBase"]
[SourceDate "2014.11.20"]
[SourceVersion "1"]
[SourceVersionDate "2014.11.20"]
[SourceQuality "1"]

1. e4 a6 2. d4 b5 3. Nf3 Bb7 4. Bd3 Nf6 5. Qe2 e6 6. 0-0 c5 7. c3 Nc6 8. d5 Ne7 9. Bg5 c4 10. Bc2 h6 11. Bxf6 gxf6 12. a4 Ng6 13. Na3 Bxa3 14. Rxa3 exd5 15. exd5+ Qe7 16. Qd2 Qc5 17. Re1+ Kf8 18. Nd4 Bxd5 19. axb5 axb5 20. Rxa8+ Bxa8 21. Bxg6 fxg6 22. Ne6+ 1-0

[Event "Voronezh op-B 17th"]
[Site "Voronezh"]
[Date "2013.06.17"]
[Round "6"]
[White "Kochukova, Anna"]
[Black "Logvinov, Kirill"]
[Result "1/2-1/2"]
[WhiteElo "1928"]
[BlackElo "2020"]
[PlyCount "90"]
[EventDate "2013.06.12"]
[EventType "swiss"]
[EventRounds "9"]
[EventCountry "RUS"]
[SourceTitle "EXT 2014"]
[Source "ChessBase"]
[SourceDate "2013.11.20"]
[SourceVersion "1"]
[SourceVersionDate "2013.11.20"]
[SourceQuality "1"]

1. e4 c5 2. Nc3 e6 3. f4 Nc6 4. g3 g6 5. Bg2 d6 6. Nf3 Bg7 7. 0-0 Nge7 8. d3 0-0 9. Ne2 Rb8 10. g4 Nd4 11. Nexd4 cxd4 12. Qe1 Nc6 13. h4 Qb6 14. h5 Bd7 15. f5 Nb4 16. hxg6 fxg6 17. fxg6 hxg6 18. Qh4 e5 19. Ng5 Rxf1+ 20. Bxf1 d5 21. Qf2 Bf6 22. a3 Na6 23. Qh4 Bxg5 24. Qxg5 Qe6 25. exd5 Qxg4+ 26. Qxg4 Bxg4 27. c3 Bf3 28. cxd4 exd4 29. d6 Rd8 30. Bf4 Nc5 31. Re1 b6 32. Re7 Rd7 33. Bh3 Rxe7 34. dxe7 Kf7 35. Bd6 Nb7 36. Bb8 a6 37. Ba7 b5 38. Bxd4 Kxe7 39. Bg2 Bxg2 40. Kxg2 Kd6 41. Kf3 Nc5 42. Ke3 Ne6 43. Bf6 Kd5 44. Bc3 g5 45. Be1 Nc5 1/2-1/2

[Event "Voronezh op-B 17th"]
[Site "Voronezh"]
[Date "2013.06.13"]
[Round "2"]
[White "Volkov, Sergey Viktorovich"]
[Black "Logvinov, Kirill"]
[Result "1-0"]
[WhiteElo "2625"]
[BlackElo "2020"]
[PlyCount "61"]
[EventDate "2013.06.12"]
[EventType "swiss"]
[EventRounds "9"]
[EventCountry "RUS"]
[SourceTitle "EXT 2014"]
[Source "ChessBase"]
[SourceDate "2013.11.20"]
[SourceVersion "1"]
[SourceVersionDate "2013.11.20"]
[SourceQuality "1"]

1. d4 b5 2. e4 a6 3. Nf3 Bb7 4. Bd3 Nf6 5. e5 Nd5 6. Nc3 e6 7. 0-0 c5 8. dxc5 Bxc5 9. Ne4 Be7 10. c3 Nc6 11. Bg5 f6 12. exf6 gxf6 13. Bh4 0-0 14. Qd2 f5 15. Bxe7 Qxe7 16. Ng3 Nd8 17. Rfe1 Qg7 18. a4 Nb6 19. Qf4 Nxa4 20. Re2 Nc5 21. Bc2 Ne4 22. Rd1 Nxg3 23. hxg3 Bd5 24. Qd6 Nb7 25. Qb6 d6 26. Nd4 Qd7 27. Nxf5 Bc4 28. Nh6+ Kg7 29. Re4 Rf6 30. Ng4 Rf7 31. Qd4+ 1-0

[Event "CFO-chT"]
[Site "Kaluga"]
[Date "2012.11.02"]
[Round "3.3"]
[White "Kostin, Sergei Anatolievich"]
[Black "Logvinov, Kirill"]
[Result "1-0"]
[WhiteElo "2324"]
[BlackElo "2016"]
[PlyCount "109"]
[EventDate "2012.10.31"]
[EventType "swiss"]
[EventRounds "9"]
[EventCountry "RUS"]
[SourceTitle "EXT 2014"]
[Source "ChessBase"]
[SourceDate "2013.11.20"]
[SourceVersion "1"]
[SourceVersionDate "2013.11.20"]
[SourceQuality "1"]

1. d4 b5 2. e4 a6 3. Nd2 Bb7 4. Ngf3 Nf6 5. Bd3 e6 6. 0-0 c5 7. c3 cxd4 8. cxd4 Nc6 9. Re1 Be7 10. a3 0-0 11. Nb3 d6 12. Bg5 h6 13. Bh4 Qb6 14. Qe2 g5 15. e5 dxe5 16. dxe5 gxh4 17. exf6 Bxf6 18. Rac1 Nd4 19. Nfxd4 Bxd4 20. Qg4+ Bg7 21. Nc5 Rad8 22. Qxh4 Bd5 23. b4 Qd6 24. Re3 e5 25. Qg4 Qe7 26. Qf5 Rfe8 27. Qh7+ Kf8 28. Rce1 Qf6 29. Bf5 Re7 30. Be4 Bxe4 31. Qxe4 Kg8 32. Rd3 Rxd3 33. Qxd3 Re8 34. Rd1 Qe7 35. f3 a5 36. Qxb5 axb4 37. axb4 Ra8 38. Qb7 Qe8 39. Qd7 Qb8 40. b5 Qf8 41. Ne4 f5 42. Ng3 Qc5+ 43. Kh1 f4 44. Ne4 Qc2 45. h3 Ra2 46. Rg1 Rb2 47. Nd6 Kh7 48. Nf5 Kg6 49. Nxg7 Rb1 50. Ne6 Rxg1+ 51. Kxg1 Qc1+ 52. Kh2 Kf6 53. Qd6 Qe1 54. Nc5+ Kg7 55. Ne4 1-0

[Event "Lipetsk Region-ch"]
[Site "Lipetsk"]
[Date "2010.03.30"]
[Round "9"]
[White "Logvinov, Kirill"]
[Black "Kasantsev, Anatolij B"]
[Result "1/2-1/2"]
[WhiteElo "1931"]
[BlackElo "2051"]
[PlyCount "84"]
[EventDate "2010.03.22"]
[EventType "swiss"]
[EventRounds "9"]
[EventCountry "RUS"]
[SourceTitle "EXT 2011"]
[Source "ChessBase"]
[SourceDate "2010.11.26"]
[SourceVersion "1"]
[SourceVersionDate "2010.11.26"]
[SourceQuality "1"]

1. b4 d5 2. a3 e6 3. Bb2 Nf6 4. e3 c5 5. bxc5 Bxc5 6. d4 Bd6 7. Bd3 0-0 8. Nd2 Nc6 9. c4 dxc4 10. Nxc4 Be7 11. Nf3 b5 12. Nce5 Nxe5 13. dxe5 Nd5 14. 0-0 Rb8 15. Nd4 Bd7 16. Qe2 g6 17. Bxb5 Bxb5 18. Nxb5 Qb6 19. a4 a6 20. Bd4 Qa5 21. Nd6 Rb4 22. Qd2 f5 23. Rfc1 Qd8 24. Bc5 Rb8 25. a5 Qd7 26. Qd3 Ra8 27. Rab1 Bxd6 28. Bxd6 Rfc8 29. g3 Rxc1+ 30. Rxc1 Qb5 31. Qd2 Kf7 32. f3 Qa4 33. Qb2 Qb5 34. Qd2 Qa4 35. Rb1 Rc8 36. Qb2 Qc4 37. Qb7+ Kg8 38. Qd7 Nxe3 39. Bc5 Qxc5 40. Qxe6+ Kg7 41. Qf6+ Kg8 42. Qe6+ Kg7 1/2-1/2

[Event "Lipetsk Region-ch"]
[Site "Lipetsk"]
[Date "2010.03.27"]
[Round "6"]
[White "Logvinov, Kirill"]
[Black "Torshin, Aleksey"]
[Result "1/2-1/2"]
[WhiteElo "1931"]
[BlackElo "2196"]
[PlyCount "114"]
[EventDate "2010.03.22"]
[EventType "swiss"]
[EventRounds "9"]
[EventCountry "RUS"]
[SourceTitle "EXT 2011"]
[Source "ChessBase"]
[SourceDate "2010.11.26"]
[SourceVersion "1"]
[SourceVersionDate "2010.11.26"]
[SourceQuality "1"]

1. e4 c5 2. c3 Nf6 3. e5 Nd5 4. d4 cxd4 5. Nf3 d6 6. Qxd4 e6 7. Nbd2 a6 8. Nc4 Nc6 9. Qe4 dxe5 10. Ncxe5 Nxe5 11. Nxe5 Bd6 12. Nc4 Be7 13. Bd3 Qc7 14. 0-0 b5 15. Ne5 Bb7 16. Qe2 Bd6 17. Nf3 0-0 18. a4 b4 19. c4 Nf4 20. Bxf4 Bxf4 21. Be4 Rac8 22. b3 Rfd8 23. Rad1 Bxe4 24. Qxe4 Bd6 25. Rd3 Rd7 26. Rfd1 Rcd8 27. h3 h6 28. g4 Bc5 29. Ne5 Rxd3 30. Rxd3 Rxd3 31. Nxd3 a5 32. Qe5 Qxe5 33. Nxe5 Bd6 34. Nd7 f6 35. c5 Bc7 36. Nb6 Kf7 37. Na8 Be5 38. c6 Ke7 39. Nb6 Bc7 40. Nc8+ Kf7 41. f3 e5 42. Kf2 Ke6 43. Ke3 g6 44. Kd3 f5 45. gxf5+ gxf5 46. Kc4 h5 47. Kd3 h4 48. Kc4 Bb8 49. Nb6 e4 50. fxe4 fxe4 51. Nd7 Bc7 52. Kd4 e3 53. Kxe3 Kd5 54. Nf6+ Kxc6 55. Kd4 Bd8 56. Ne4 Bb6+ 57. Kc4 Bd8 1/2-1/2

[Event "CFR-chT"]
[Site "Elets"]
[Date "2009.12.19"]
[Round "5"]
[White "Popov, Vladimir P"]
[Black "Logvinov, Kirill"]
[Result "1/2-1/2"]
[WhiteElo "1950"]
[BlackElo "1894"]
[PlyCount "94"]
[EventDate "2009.12.16"]
[EventType "team-swiss"]
[EventRounds "7"]
[EventCountry "RUS"]
[SourceTitle "EXT 2022"]
[Source "ChessBase"]
[SourceDate "2021.10.06"]
[SourceVersion "1"]
[SourceVersionDate "2021.10.06"]
[SourceQuality "1"]

1. e4 a6 2. Nf3 b5 3. d4 Bb7 4. Bd3 Nf6 5. e5 Nd5 6. c4 bxc4 7. Bxc4 Nb6 8. Bb3 e6 9. 0-0 Be7 10. Nc3 0-0 11. Qd3 a5 12. Bh6 f5 13. exf6 Rxf6 14. Bg5 Rxf3 15. Bxe7 Rxd3 16. Bxd8 Na6 17. Bg5 Rxd4 18. Be3 Rb4 19. Rad1 Bc6 20. Bxb6 Rxb6 21. Ba4 Nc5 22. Bxc6 Rxc6 23. Ne2 Rb6 24. Rd2 Rab8 25. b3 d6 26. Nd4 e5 27. Nf5 Kf7 28. Ne3 Ne4 29. Rc2 Rc8 30. f4 Ke6 31. fxe5 d5 32. Nf5 Kxe5 33. Nxg7 c5 34. Nf5 d4 35. Re2 d3 36. Re3 Rd8 37. Ng3 Rd4 38. Rd1 Rbd6 39. Nxe4 Rxe4 40. Rexd3 Rxd3 41. Rxd3 Re2 42. a4 Rc2 43. Rh3 Rb2 44. g4 Kf4 45. Rg3 Rb1+ 46. Kg2 Rb2+ 47. Kh3 Rc2 1/2-1/2

[Event "RUS-ch Students"]
[Site "Belgorod"]
[Date "2009.10.13"]
[Round "9"]
[White "Logvinov, Kirill"]
[Black "Nazarian, Marina"]
[Result "1-0"]
[WhiteElo "1797"]
[BlackElo "1837"]
[PlyCount "39"]
[EventDate "2009.10.05"]
[EventType "swiss"]
[EventRounds "9"]
[EventCountry "RUS"]
[SourceTitle "EXT 2010"]
[Source "ChessBase"]
[SourceDate "2010.11.25"]
[SourceVersion "1"]
[SourceVersionDate "2010.11.25"]
[SourceQuality "1"]

1. e4 c5 2. Nf3 Nc6 3. c3 e6 4. d4 d6 5. dxc5 dxc5 6. Qxd8+ Nxd8 7. Bb5+ Bd7 8. Bxd7+ Kxd7 9. 0-0 Bd6 10. Rd1 Ke7 11. Na3 Nc6 12. Nc4 Bc7 13. Be3 b6 14. e5 h6 15. a4 g5 16. a5 Rb8 17. axb6 axb6 18. h3 f5 19. Ra6 Nd8 20. Nxb6 1-0

[Event "RUS-ch Students"]
[Site "Belgorod"]
[Date "2009.10.08"]
[Round "4"]
[White "Kharakhinov, Aldar"]
[Black "Logvinov, Kirill"]
[Result "1/2-1/2"]
[WhiteElo "1996"]
[BlackElo "1797"]
[PlyCount "143"]
[EventDate "2009.10.05"]
[EventType "swiss"]
[EventRounds "9"]
[EventCountry "RUS"]
[SourceTitle "EXT 2010"]
[Source "ChessBase"]
[SourceDate "2010.11.25"]
[SourceVersion "1"]
[SourceVersionDate "2010.11.25"]
[SourceQuality "1"]

1. c4 Nf6 2. Nc3 g6 3. g3 Bg7 4. Bg2 0-0 5. Nf3 d6 6. 0-0 c6 7. d3 e5 8. Ne1 Be6 9. Nc2 Qd7 10. e4 Na6 11. Rb1 Nc7 12. Qe2 Rfe8 13. Rd1 Bh3 14. Bh1 d5 15. b4 Rab8 16. a4 d4 17. Na2 h6 18. Na3 b6 19. Bd2 c5 20. Nb5 Ne6 21. a5 a6 22. Na3 Qa4 23. Bc1 bxa5 24. b5 axb5 25. Nxb5 Nc7 26. Bxh6 Nxb5 27. Bxg7 Kxg7 28. cxb5 Rxb5 29. Bf3 Reb8 30. Rxb5 Rxb5 31. Nc1 Be6 32. Kg2 Rb1 33. h4 Qa3 34. Qd2 Nh7 35. Rh1 Qc3 36. Qd1 a4 37. h5 Ng5 38. hxg6 fxg6 39. Be2 a3 40. f4 a2 41. fxg5 a1Q 42. Qf1 Bf5 43. exf5 Qa8+ 44. Bf3 Qd2+ 45. Qe2 Qxe2+ 46. Nxe2 Qxf3+ 47. Kxf3 Rxh1 48. f6+ Kf7 49. Ke4 Re1 50. Kf3 Rd1 51. Ke4 Rd2 52. Ng1 Ke6 53. g4 Rg2 54. Nh3 Rxg4+ 55. Kf3 Rh4 56. Nf2 Rh8 57. Ne4 Kd5 58. Nd2 Re8 59. Ke2 Ke6 60. Ne4 Rc8 61. Nd2 Rh8 62. Ne4 Rh2+ 63. Kf1 Rc2 64. Ke1 c4 65. Nc5+ Kf7 66. Nd7 cxd3 67. Nxe5+ Ke6 68. Nxg6 Rc5 69. Nf4+ Kf7 70. Kd2 Rxg5 71. Kxd3 Kxf6 72. Kxd4 1/2-1/2

[Event "Lipetsk Region-ch sf"]
[Site "Lipetsk"]
[Date "2009.10.03"]
[Round "5"]
[White "Logvinov, Kirill"]
[Black "Geranichev, Mikhail"]
[Result "1/2-1/2"]
[WhiteElo "1797"]
[BlackElo "1985"]
[PlyCount "37"]
[EventDate "2009.09.25"]
[EventType "swiss"]
[EventRounds "8"]
[EventCountry "RUS"]
[SourceTitle "EXT 2022"]
[Source "ChessBase"]
[SourceDate "2021.10.06"]
[SourceVersion "1"]
[SourceVersionDate "2021.10.06"]
[SourceQuality "1"]

1. e4 c5 2. Nf3 Nc6 3. c3 Nf6 4. e5 Nd5 5. d4 cxd4 6. cxd4 e6 7. a3 Qa5+ 8. Nbd2 Be7 9. g3 0-0 10. Bd3 f5 11. 0-0 Qb6 12. Nc4 Qc7 13. b4 b5 14. Ne3 Nxe3 15. Bxe3 a5 16. Bxb5 axb4 17. a4 Bb7 18. Rc1 Qb8 19. Bf4 1/2-1/2